000 00519nam a22001097a 4500
008 110614t xxu||||| |||| 00| 0 eng d
010 _aSCCAF: 21B
245 _aSupreme Court Criminal Appeal No. 27 OF 2003 Charles Harry Twagira Vs Uganda
260 _c2003
500 _aCoram: Odoki; CJ; Tsekooko, Karokora, Mulenga and Kanyeihamba, JJSC
500 _aAPPEAL FROM JUDGEMENT OF THE COURT OF APPEAL AT KAMPALA MUKASA-KIKONYOGO, DCJ; MPAGI-BAHIGEINE AND KITUMBA, JJA DATED 19TH AUGUST, 2003 IN CRIMINAL APPEAL NO. 169 OF 2002
999 _c2878
_d2878